Election Night Cities Quiz Stats

Quiz Updated Nov 9, 2016

Challenge
Share
Tweet
Embed
Score 0/28 Timer 04:00
2 Plays Today
Candidate City % Correct
Donald TrumpNew York
99%
Barack ObamaChicago
97.2%
Hillary ClintonNew York
92.1%
John McCainPhoenix
81.8%
Bill ClintonLittle Rock
78.8%
Mitt RomneyBoston
76.2%
John KerryBoston
73.4%
George W. BushWashington
71%
Ronald ReaganLos Angeles
70.1%
Jimmy CarterAtlanta
64.3%
Jimmy CarterWashington
62.9%
Richard NixonWashington
59.4%
George H.W. BushHouston
57.1%
Gerald FordWashington
55.4%
Candidate City % Correct
Michael DukakisBoston
55.2%
Al GoreNashville
54.8%
George W. BushAustin
52.9%
Bob DoleWashington
39.1%
Walter MondaleSt. Paul
38.1%
Hubert HumphreyMinneapolis
37.3%
Richard NixonLos Angeles
29.6%
Barry GoldwaterScottsdale
24.3%
Richard NixonNew York
20.3%
Dwight EisenhowerNew York
17%
John F. KennedyBarnstable (Hyannis Port)
11.2%
George McGovernSioux Falls
10.8%
Adlai StevensonSpringfield (Illinois)
7.3%
Lyndon B. JohnsonJohnson City
4.6%

You're not logged in!

Compare scores with friends on all Sporcle quizzes.
Join for Free
OR
Log In

You Might Also Like...

Show Comments

Extras

Top Quizzes Today


Score Distribution

Your Account Isn't Verified!

In order to create a playlist on Sporcle, you need to verify the email address you used during registration. Go to your Sporcle Settings to finish the process.

Report this User

Report this user for behavior that violates our Community Guidelines.

Details: